Liste des noms de Pokémon finissant par A - Statistiques

Statistiques générales
  • Ce quiz a été pris 117 fois
  • Le résultat moyen est 38 sur 84
Statistiques - réponses
Pokémon % Correct
Abra
84%
Kadabra
80%
Amonita
72%
Dialga
66%
Galopa
66%
Lugia
66%
Palkia
66%
Ponyta
66%
Sulfura
66%
Amagara
64%
Giratina
64%
Ama-Ama
62%
Dragmara
60%
Lunala
60%
Nidorina
60%
Babimanta
58%
Démanta
58%
Oratoria
56%
Otaria
56%
Yanma
56%
Boskara
54%
Charmina
54%
Meloetta
54%
Rayquaza
54%
Zorua
54%
Ectoplasma
52%
Kirlia
52%
Lilia
52%
Méditikka
52%
Rattata
52%
Yanmega
52%
Zeraora
52%
Torterra
50%
Lianaja
48%
Munja
48%
Ptéra
48%
Scrutella
48%
Sidérella
48%
Limagma
46%
Mesmérella
46%
Roigada
46%
Cresselia
44%
Hariyama
44%
Motisma
44%
Necrozma
44%
Bargantua
42%
Zamazenta
42%
Altaria
40%
Boumata
40%
Cacnea
40%
Carmadura
40%
Grahyèna
40%
Makuhita
40%
Medhyèna
40%
Poussacha
40%
Rafflesia
38%
Araqua
36%
Emolga
36%
Hoopa
36%
Maskadra
36%
Rosélia
36%
Galvagla
34%
Munna
34%
Mushana
34%
Oyacata
34%
Teddiursa
34%
Bérasca
32%
Dunaconda
32%
Dunaja
32%
Hydragla
32%
Kapoera
32%
Magearna
32%
Spinda
32%
Dodoala
30%
Hastacuda
30%
Forgelina
28%
Fortusimia
28%
Iguolta
28%
Barbicha
26%
Carvanha
26%
Arboliva
22%
Forgella
18%
Pashmilla
14%
Cléopsytra
12%
Aucun quiz correspondant
Distribution des résultats
% des personnes avec chaque résultat
Percentile par nombre de réponses
Votre historique - résultats
Vous n’avez pas pris ce quiz